People of Migrants (Record no. 10656)

MARC details
000 -LEADER
fixed length control field 00684nam a2200253 a 4500
020 ## - INTERNATIONAL STANDARD BOOK NUMBER
ISBN 9053830
082 00 - DEWEY DECIMAL CLASSIFICATION NUMBER
Classification number 954.9
Author Cutter VER
100 ## - MAIN ENTRY--AUTHOR NAME
Author name Verkaaik, Oskar
245 ## - TITLE STATEMENT
Title People of Migrants
Sub title Thnicity, State and Religion in Karachi
260 ## - PUBLICATION, DISTRIBUTION, ETC. (IMPRINT)
Place of publication Amsterdam
Name of publisher Centre for Asian Studies
Year of publication 1994
300 ## - PHYSICAL DESCRIPTION
Number of Pages 89p
500 ## - GENERAL NOTE
General note includes index and biblioraphy
505 2# - FORMATTED CONTENTS NOTE
Formatted contents note Notes, References
650 ## - SUBJECT ADDED ENTRY--TOPICAL TERM
Topical Term Pakistan-Ethnic Violence
650 ## - SUBJECT ADDED ENTRY--TOPICAL TERM
Topical Term Violence-Pakistan
942 ## - ADDED ENTRY ELEMENTS (KOHA)
Koha item type Books
700 1# -
-- Verkaaik, Oskar
Holdings
Collection code Home library Current library Date acquired Cost, normal purchase price Full call number Accession Number Koha item type
  Henry Martyn Institute Library Henry Martyn Institute Library 04/11/2007 100.00 954.9 VER 015342 Books
                   Copyright © 2026 | Henry Martyn Institute | Hyderabad | TS-500052 | INDIA | Implemented by hmi.edu.in
Hit-Count:

Powered by Koha